Baby, Male and Female Animals - Click Quiz - Statistics

General Stats
  • This quiz has been taken 371 times
  • The average score is 19 of 22
Answer Stats
Hint Answer % Correct
Cow Cattle
96%
Bull Cattle
94%
Rooster Chicken
94%
Chick Chicken
94%
Piglet Pig
94%
Hen Chicken
93%
Lamb Sheep
93%
Stallion Horse
92%
Duckling Duck
91%
Calf Cattle
90%
Doe Deer
90%
Boar Pig
87%
Mare Horse
86%
Gosling Goose
85%
Ram Sheep
84%
Fawn Deer
81%
Gander Goose
78%
Buck Deer
77%
Foal Horse
75%
Drake Duck
72%
Sow Pig
72%
Ewe Sheep
72%
No matching quizzes found
Score Distribution
Percent of People with Each Score
Percentile by Number Answered
Your Score History
You have not taken this quiz